<?xml version="1.0" encoding="UTF-8"?>
<record
    xmlns:xsi="http://www.w3.org/2001/XMLSchema-instance"
    xsi:schemaLocation="http://www.loc.gov/MARC21/slim http://www.loc.gov/standards/marcxml/schema/MARC21slim.xsd"
    xmlns="http://www.loc.gov/MARC21/slim">

  <leader>02324cam a2200301 a 4500</leader>
  <controlfield tag="003">OSt</controlfield>
  <controlfield tag="005">20211117110941.0</controlfield>
  <controlfield tag="008">101007t    2008ck      r     000 0 spa d</controlfield>
  <datafield tag="020" ind1=" " ind2=" ">
    <subfield code="a">9789587103434</subfield>
  </datafield>
  <datafield tag="040" ind1=" " ind2=" ">
    <subfield code="a">CO-BoPUJ</subfield>
    <subfield code="c">CO-JMCR</subfield>
  </datafield>
  <datafield tag="041" ind1="0" ind2=" ">
    <subfield code="a">spa</subfield>
  </datafield>
  <datafield tag="082" ind1="0" ind2="4">
    <subfield code="a">336.01 /</subfield>
    <subfield code="b">R436h6</subfield>
    <subfield code="2">23</subfield>
  </datafield>
  <datafield tag="100" ind1="1" ind2=" ">
    <subfield code="a">Restrepo, Juan Camilo</subfield>
    <subfield code="e">autor</subfield>
    <subfield code="9">8</subfield>
  </datafield>
  <datafield tag="245" ind1="1" ind2="0">
    <subfield code="a">Hacienda p&#xFA;blica /</subfield>
    <subfield code="c">Juan Camilo Restrepo Salazar</subfield>
  </datafield>
  <datafield tag="250" ind1=" " ind2=" ">
    <subfield code="a">8&#xAA;. edici&#xF3;n </subfield>
  </datafield>
  <datafield tag="260" ind1=" " ind2=" ">
    <subfield code="a">Bogot&#xE1; : </subfield>
    <subfield code="b">Universidad Externado de Colombia, </subfield>
    <subfield code="c">2008.</subfield>
  </datafield>
  <datafield tag="300" ind1=" " ind2=" ">
    <subfield code="a">572 p&#xE1;ginas ; </subfield>
    <subfield code="c">25 cm.</subfield>
  </datafield>
  <datafield tag="504" ind1=" " ind2=" ">
    <subfield code="a">Incluye referencias bibliogr&#xE1;ficas.</subfield>
  </datafield>
  <datafield tag="505" ind1="0" ind2=" ">
    <subfield code="a">Los prop&#xF3;sitos de la hacienda p&#xFA;blica. -- El consumo y la inversi&#xF3;n. -- Hacienda p&#xFA;blica y el desarrollo. -- Sociolog&#xED;a de la hacienda p&#xFA;blica. -- El concepto de gasto p&#xFA;blico. -- Tendencia del gasto p&#xFA;blico en Colombia. -- Ingresos fiscales: evoluci&#xF3;n fiscal de Colombia, impuestos indirectos, rentas estancadas. -- Clasificaci&#xF3;n de los ingresos p&#xFA;blicos. -- Principales impuestos del gobierno central. -- _la importancia del presupuesto en la sociedad moderna. -- Planeaci&#xF3;n y presupuesto. -- La deuda p&#xFA;blica: manejo dado por Colombia a la deuda externa. --Finanzas territoriales. -- La segunda generaci&#xF3;n de las reformas descentralistas en Am&#xE9;rica Latina. </subfield>
  </datafield>
  <datafield tag="520" ind1="0" ind2=" ">
    <subfield code="a">En el Cap&#xED;tulo I se presentan los grandes prop&#xF3;sitos de la Hacienda P&#xFA;blica; en el Cap&#xED;tulo II se ubica el tema del gasto p&#xFA;blico, que constituye la preocupaci&#xF3;n fundamental de la econom&#xED;a p&#xFA;blica contempor&#xE1;nea; en el Cap&#xED;tulo III se aborda la teor&#xED;a general de los ingresos fiscales; en el Capitulo IV se analizan los rasgos generales de los principales tributos nacionales; en el Cap&#xED;tulo V se dedica al tema presupuestal; el cap&#xED;tulo VI al de la deuda p&#xFA;blica, y el Cap&#xED;tulo VII a las finanzas territoriales.
Se incluye finalmente una bibliograf&#xED;a escogida sobre finanzas p&#xFA;blicas, que tiene como prop&#xF3;sito guiar a los lectores que deseen profundizar en la materia.</subfield>
  </datafield>
  <datafield tag="650" ind1="1" ind2="4">
    <subfield code="a">Hacienda p&#xFA;blica</subfield>
    <subfield code="z">Colombia</subfield>
    <subfield code="9">6814</subfield>
  </datafield>
  <datafield tag="650" ind1="2" ind2="4">
    <subfield code="a">Presupuesto</subfield>
    <subfield code="z">Colombia</subfield>
    <subfield code="9">9328</subfield>
  </datafield>
  <datafield tag="650" ind1="2" ind2="4">
    <subfield code="a">Gastos p&#xFA;blicos</subfield>
    <subfield code="z">Colombia</subfield>
    <subfield code="9">6959</subfield>
  </datafield>
  <datafield tag="650" ind1="2" ind2="4">
    <subfield code="a">Pol&#xED;tica de gastos p&#xFA;blicos</subfield>
    <subfield code="z">Colombia</subfield>
    <subfield code="9">7918</subfield>
  </datafield>
  <datafield tag="650" ind1="2" ind2="4">
    <subfield code="a">Deuda p&#xFA;blica</subfield>
    <subfield code="z">Colombia</subfield>
    <subfield code="9">9526</subfield>
  </datafield>
  <datafield tag="942" ind1=" " ind2=" ">
    <subfield code="2">ddc</subfield>
    <subfield code="c">BK</subfield>
  </datafield>
  <datafield tag="999" ind1=" " ind2=" ">
    <subfield code="c">12728</subfield>
    <subfield code="d">12728</subfield>
  </datafield>
  <datafield tag="952" ind1=" " ind2=" ">
    <subfield code="0">0</subfield>
    <subfield code="1">0</subfield>
    <subfield code="2">ddc</subfield>
    <subfield code="4">0</subfield>
    <subfield code="7">0</subfield>
    <subfield code="a">CPL</subfield>
    <subfield code="b">CPL</subfield>
    <subfield code="c">GEN</subfield>
    <subfield code="d">2018-04-15</subfield>
    <subfield code="e">Donaci&#xF3;n</subfield>
    <subfield code="o">336.01 / R436h6</subfield>
    <subfield code="p">430000574</subfield>
    <subfield code="r">2024-05-16 00:00:00</subfield>
    <subfield code="t">Ej.1</subfield>
    <subfield code="w">2021-03-10</subfield>
    <subfield code="y">BK</subfield>
  </datafield>
</record>
